| 000 | 01208nab a22002537a 4500 | ||
|---|---|---|---|
| 999 |
_c5998 _d5998 |
||
| 003 | OSt | ||
| 005 | 20260115220443.0 | ||
| 008 | 190605e xxu||||| |||| 00| 0 spa d | ||
| 040 | _cPJ | ||
| 100 |
_96168 _aSalgado, José Manuel |
||
| 245 | 1 | 3 |
_aLa obligación de control de cedentes y contratantes en el art. 30 de la LCT / _cJosé Manuel Salgado. |
| 260 |
_aCiudad Autónoma de Buenos Aires : _bThomson Reuters La Ley, _c2025. |
||
| 300 | _ap. 63-72 | ||
| 500 | _aCita Online: Cita: TR LALEY AR/DOC/2630/2025. | ||
| 505 | _aSumario: I. Introducción.— II. Incumplimiento de la carga o deber de controlar.— III. Carácter de la obligación o carga de controlar.— IV. Utilidad de la reforma.— V. Colofón. | ||
| 505 | _t¿Te interesa el texto completo? Solicitalo al correo: koha@justierradelfuego.gov.ar | ||
| 650 | 0 |
_91316 _aDERECHO LABORAL |
|
| 650 | 0 |
_91323 _aCONTRATO DE TRABAJO |
|
| 650 | 0 |
_91803 _aRELACIONES LABORALES |
|
| 650 | 0 |
_91383 _aLEY DE CONTRATO DE TRABAJO |
|
| 650 | 0 |
_94951 _aRESPONSABILIDAD SOLIDARIA |
|
| 773 | 0 |
_02711 _93168 _dCiudad Autónoma de Buenos Aires : Thomson Reuters La Ley, 1999-2002. _tRevista de derecho del trabajo. Nº 2 - Marzo 2025 |
|
| 942 |
_2udc _cANA |
||